[Event "Quenza op 14th"]
[Site "Quenza"]
[Date "2025.07.06"]
[Round "2"]
[White "Have, Didier"]
[Black "Dardha, Daniel"]
[Result "0-1"]
[WhiteElo "1903"]
[BlackElo "2627"]
[PlyCount "20"]
[EventDate "2025.07.06"]
[EventType "swiss (blitz)"]
[EventRounds "9"]
[EventCountry "FRA"]
[SourceTitle "CB29_2025"]
[SourceDate "2025.07.16"]
[SourceVersion "1"]
[SourceVersionDate "2025.07.16"]
[SourceQuality "1"]

1. e4 c5 2. d4 cxd4 3. c3 Nf6 4. e5 Nd5 5. Qxd4 e6 6. Nf3 d6 7. Bb5+ Nc6 8. exd6 Qxd6 9. 0-0 Bd7 10. c4 Nxd4 0-1

[Event "WchT Blitz Pool A"]
[Site "London"]
[Date "2025.06.14"]
[Round "7.3"]
[White "Dardha, Daniel"]
[Black "Jakhria, Kushal"]
[Result "1-0"]
[WhiteElo "2646"]
[BlackElo "2011"]
[PlyCount "87"]
[EventDate "2025.06.14"]
[EventType "team-tourn"]
[EventRounds "13"]
[EventCountry "ENG"]
[SourceTitle "CB25_2025"]
[SourceDate "2025.06.18"]
[SourceVersion "1"]
[SourceVersionDate "2025.06.18"]
[SourceQuality "1"]
[WhiteTeam "Knight Dance"]
[BlackTeam "Chess Trust Accelerators"]
[WhiteTeamCountry "FRA"]
[BlackTeamCountry "ENG"]

1. d4 Nf6 2. Bg5 d5 3. e3 c5 4. Bxf6 gxf6 5. Nf3 Nc6 6. dxc5 e5 7. Be2 Bxc5 8. 0-0 Be6 9. Nbd2 e4 10. Ne1 Bd6 11. c4 Rg8 12. cxd5 Bxd5 13. Bc4 Bc7 14. Qh5 Bxc4 15. Nxc4 Qd7 16. Rd1 Qe6 17. b3 Rg5 18. Qxh7 Ke7 19. g3 b5 20. Nd2 Rg6 21. Ng2 Rag8 22. Qh4 Rg4 23. Qh5 R8g5 24. Qh7 Rg7 25. Qh3 Qf5 26. Nf4 Bxf4 27. exf4 Rxg3+ 28. Qxg3 Rxg3+ 29. hxg3 Nd4 30. Rfe1 Qh3 31. Rxe4+ Ne6 32. Nf3 Qg4 33. Kg2 f5 34. Re3 Kf8 35. Rxe6 fxe6 36. Rd7 Qh5 37. Rxa7 Qe8 38. Ne5 Qc8 39. a4 bxa4 40. bxa4 Ke8 41. a5 Qc5 42. Rh7 Qd5+ 43. Kh2 Kf8 44. Nd7+ 1-0

[Event "WchT Rapid"]
[Site "London"]
[Date "2025.06.13"]
[Round "11.3"]
[White "Dardha, Daniel"]
[Black "Erdos, Viktor"]
[Result "0-1"]
[WhiteElo "2582"]
[BlackElo "2525"]
[PlyCount "88"]
[EventDate "2025.06.11"]
[EventType "team-swiss"]
[EventRounds "12"]
[EventCountry "ENG"]
[SourceTitle "CB25_2025"]
[SourceDate "2025.06.18"]
[SourceVersion "1"]
[SourceVersionDate "2025.06.18"]
[SourceQuality "1"]
[WhiteTeam "Knight Dance"]
[BlackTeam "Team Hungary"]
[WhiteTeamCountry "FRA"]
[BlackTeamCountry "HUN"]

1. e4 e5 2. Nf3 Nf6 3. Nxe5 d6 4. Nf3 Nxe4 5. c4 Nc6 6. d3 Nf6 7. d4 Be7 8. Nc3 0-0 9. h3 Re8 10. Be3 Bf5 11. d5 Ne5 12. Nxe5 dxe5 13. g4 Be4 14. f3 Bg6 15. h4 e4 16. f4 h5 17. Be2 hxg4 18. Bxg4 Bb4 19. h5 Bh7 20. Rg1 b5 21. Qd4 bxc4 22. Bd7 Qxd7 23. Qxf6 Bf8 24. Bd4 Bg6 25. Qh4 Bf5 26. h6 Bg6 27. 0-0-0 e3 28. Rg5 e2 29. Re1 gxh6 30. Re5 Rxe5 31. Bxe5 Qf5 32. Rxe2 Re8 33. Kd2 Bg7 34. Bxg7 Rxe2+ 35. Nxe2 Kxg7 36. Qd8 Qd3+ 37. Ke1 Bh5 38. Ng1 Qe3+ 39. Kf1 Qxf4+ 40. Ke1 Qe5+ 41. Kf2 Qxb2+ 42. Kg3 Qe5+ 43. Kh3 c3 44. Qh4 c2 0-1

[Event "WchT Rapid"]
[Site "London"]
[Date "2025.06.12"]
[Round "7.3"]
[White "Agmanov, Zhandos"]
[Black "Dardha, Daniel"]
[Result "1/2-1/2"]
[WhiteElo "2388"]
[BlackElo "2582"]
[PlyCount "61"]
[EventDate "2025.06.11"]
[EventType "team-swiss"]
[EventRounds "12"]
[EventCountry "ENG"]
[SourceTitle "CB25_2025"]
[SourceDate "2025.06.18"]
[SourceVersion "1"]
[SourceVersionDate "2025.06.18"]
[SourceQuality "1"]
[WhiteTeam "Barys.kz"]
[BlackTeam "Knight Dance"]
[WhiteTeamCountry "KAZ"]
[BlackTeamCountry "FRA"]

1. e4 c5 2. Nf3 Nc6 3. Bb5 e6 4. 0-0 Nge7 5. Re1 a6 6. Bf1 b6 7. Nc3 Bb7 8. d4 cxd4 9. Nxd4 Nxd4 10. Qxd4 Nc6 11. Qd3 Bc5 12. Be3 Ne5 13. Qd2 Qc7 14. Bxc5 Qxc5 15. Rad1 f6 16. Na4 Qc7 17. f4 Ng6 18. Qd6 Qxd6 19. Rxd6 Nxf4 20. Rxb6 Bc6 21. Nc5 a5 22. g3 Ng6 23. Nxe6 dxe6 24. Rxc6 Ne5 25. Rc3 Ke7 26. a4 Rhc8 27. Ree3 Ng4 28. Rf3 Ne5 29. Rfe3 Ng4 30. Rf3 Ne5 31. Rfe3 1/2-1/2

[Event "WchT Rapid"]
[Site "London"]
[Date "2025.06.11"]
[Round "2.3"]
[White "Dardha, Daniel"]
[Black "Moreby, James"]
[Result "1-0"]
[WhiteElo "2582"]
[BlackElo "2210"]
[PlyCount "103"]
[EventDate "2025.06.11"]
[EventType "team-swiss"]
[EventRounds "12"]
[EventCountry "ENG"]
[SourceTitle "CB25_2025"]
[SourceDate "2025.06.18"]
[SourceVersion "1"]
[SourceVersionDate "2025.06.18"]
[SourceQuality "1"]
[WhiteTeam "Knight Dance"]
[BlackTeam "Sharks 4NCL"]
[WhiteTeamCountry "FRA"]
[BlackTeamCountry "ENG"]

1. e4 c5 2. Nf3 d6 3. d4 cxd4 4. Nxd4 Nf6 5. Nc3 a6 6. Bd3 Nc6 7. Nxc6 bxc6 8. Qe2 e5 9. b3 Be7 10. Bb2 0-0 11. 0-0-0 Qb6 12. Rhg1 Ng4 13. f3 Nf2 14. Rdf1 Nxd3+ 15. Qxd3 a5 16. Qd2 Ba6 17. Rd1 Rfd8 18. Kb1 Bb5 19. a4 Ba6 20. f4 exf4 21. Qxf4 Bf6 22. g4 Be5 23. Qf3 Rab8 24. g5 Bc4 25. Ne2 Bxe2 26. Qxe2 Bxb2 27. Kxb2 Qc5 28. Qd3 Rb4 29. Rge1 Qe5+ 30. Qc3 Qxc3+ 31. Kxc3 Kf8 32. Rd3 Ke7 33. Rf3 Ke6 34. h4 Rd7 35. h5 Re7 36. Rf5 Kd7 37. Rxa5 Rbxe4 38. Ra7+ Kd8 39. Rxe7 Rxe7 40. Rxe7 Kxe7 41. h6 g6 42. Kd4 Kd7 43. c4 f5 44. gxf6 g5 45. a5 g4 46. a6 g3 47. Ke3 d5 48. cxd5 cxd5 49. f7 Ke7 50. f8Q+ Kxf8 51. a7 d4+ 52. Kxd4 1-0

[Event "WchT Rapid"]
[Site "London"]
[Date "2025.06.11"]
[Round "4.3"]
[White "Tin, Jingyao"]
[Black "Dardha, Daniel"]
[Result "1/2-1/2"]
[WhiteElo "2485"]
[BlackElo "2582"]
[PlyCount "78"]
[EventDate "2025.06.11"]
[EventType "team-swiss"]
[EventRounds "12"]
[EventCountry "ENG"]
[SourceTitle "CB25_2025"]
[SourceDate "2025.06.18"]
[SourceVersion "1"]
[SourceVersionDate "2025.06.18"]
[SourceQuality "1"]
[WhiteTeam "Theme Int Trading"]
[BlackTeam "Knight Dance"]
[WhiteTeamCountry "SIN"]
[BlackTeamCountry "FRA"]

1. Nf3 d5 2. g3 g6 3. c4 dxc4 4. Na3 Bg7 5. Nxc4 Nc6 6. Bg2 e5 7. d3 Nge7 8. 0-0 0-0 9. Bd2 Be6 10. Rc1 a5 11. a4 b6 12. b3 Qd7 13. Re1 Rac8 14. Ng5 Bd5 15. Bh3 f5 16. Ne3 h6 17. Nxd5 Qxd5 18. Bg2 Qd6 19. Qc2 Nd8 20. Nf3 c5 21. Bc3 Ndc6 22. Nd2 Rcd8 23. Nc4 Qc7 24. Qb1 Kh8 25. e3 Nd5 26. Bb2 Ndb4 27. Red1 Rd7 28. Rd2 h5 29. h4 Kh7 30. Rcd1 Kh8 31. Re1 Kh7 32. Red1 Re7 33. Rc1 Bh6 34. Re1 Rd8 35. Red1 Bg7 36. Re1 Red7 37. Red1 Re7 38. Re1 Red7 39. Red1 Re7 1/2-1/2

[Event "POL-chT Ekstraliga"]
[Site "Chotowa"]
[Date "2025.06.05"]
[Round "4.2"]
[White "Cyborowski, Lukasz"]
[Black "Dardha, Daniel"]
[Result "1/2-1/2"]
[WhiteElo "2459"]
[BlackElo "2646"]
[PlyCount "54"]
[EventDate "2025.06.02"]
[EventType "team-tourn"]
[EventRounds "9"]
[EventCountry "POL"]
[SourceTitle "CB24_2025"]
[SourceDate "2025.06.11"]
[SourceVersion "1"]
[SourceVersionDate "2025.06.11"]
[SourceQuality "1"]
[WhiteTeam "Miedzyborow Wrzos"]
[BlackTeam "Katowice Hetman"]
[WhiteTeamCountry "POL"]
[BlackTeamCountry "POL"]

1. Nf3 c5 2. c4 Nc6 3. Nc3 Nf6 4. g3 d6 5. Bg2 Bg4 6. h3 Bd7 7. 0-0 g6 8. e3 Bg7 9. d4 0-0 10. b3 cxd4 11. Nxd4 a6 12. Bb2 Rc8 13. Qe2 Re8 14. Nxc6 Bxc6 15. e4 Nd7 16. Nd5 Bxb2 17. Qxb2 b5 18. cxb5 axb5 19. Rfc1 Bxd5 20. Rxc8 Qxc8 21. exd5 b4 22. Qd2 Qb7 23. Rc1 Ra8 24. Rc4 Qa7 25. Rc2 Qb7 26. Rc4 Qa7 27. Rc2 Qb7 1/2-1/2

[Event "Sardinia World op-A"]
[Site "Orosei"]
[Date "2025.05.02"]
[Round "8"]
[White "Dardha, Daniel"]
[Black "Yoo, Christopher Woojin"]
[Result "1/2-1/2"]
[WhiteElo "2650"]
[BlackElo "2588"]
[PlyCount "122"]
[EventDate "2025.04.27"]
[EventType "swiss"]
[EventRounds "9"]
[EventCountry "ITA"]
[SourceTitle "CB19_2025"]
[SourceDate "2025.05.07"]
[SourceVersion "1"]
[SourceVersionDate "2025.05.07"]
[SourceQuality "1"]

1. d4 d5 2. c4 e6 3. Nc3 Nf6 4. cxd5 exd5 5. Bg5 c6 6. e3 Bf5 7. Qf3 Bg6 8. Bxf6 Qxf6 9. Qxf6 gxf6 10. h4 h5 11. Rd1 Nd7 12. Bd3 Nb6 13. Kd2 0-0-0 14. Nh3 Bb4 15. Kc2 Kb8 16. Nf4 Bxd3+ 17. Nxd3 Bxc3 18. Kxc3 Rdg8 19. g3 Nc8 20. Rc1 a5 21. Nf4 Nd6 22. Kd3 a4 23. Ke2 Re8 24. Rc2 Ne4 25. Rd1 Ka7 26. Nd3 Kb6 27. Nc5 Nxc5 28. Rxc5 Rhg8 29. Kf3 Rg4 30. b4 axb3 31. axb3 Ra8 32. Rb1 Ra3 33. Kg2 Kc7 34. b4 b6 35. Rcc1 b5 36. Ra1 Rxa1 37. Rxa1 Kb7 38. f3 Rg8 39. g4 hxg4 40. h5 gxf3+ 41. Kxf3 Rh8 42. Kg4 Rh6 43. Rf1 Kc7 44. Rf5 Kd6 45. e4 dxe4 46. Kf4 Ke6 47. Kxe4 Kd6 48. Rc5 Rh8 49. Kf4 Rh6 50. Kf3 Rh8 51. Rf5 Ke6 52. Rc5 Kd6 53. Ke4 Rh7 54. Rf5 Rh6 55. Ke3 Ke6 56. Rc5 Kd6 57. Kf4 Rh8 58. Kg4 Rh7 59. Kf3 Rh8 60. Ke4 Rh7 61. d5 f5+ 1/2-1/2

[Event "Sardinia World op-A"]
[Site "Orosei"]
[Date "2025.04.30"]
[Round "6"]
[White "Dardha, Daniel"]
[Black "Moroni, Luca Jr"]
[Result "1-0"]
[WhiteElo "2650"]
[BlackElo "2545"]
[PlyCount "127"]
[EventDate "2025.04.27"]
[EventType "swiss"]
[EventRounds "9"]
[EventCountry "ITA"]
[SourceTitle "CB19_2025"]
[SourceDate "2025.05.07"]
[SourceVersion "1"]
[SourceVersionDate "2025.05.07"]
[SourceQuality "1"]

1. e4 e5 2. Nf3 Nc6 3. Bc4 Bc5 4. c3 Nf6 5. d4 exd4 6. e5 d5 7. Bb5 Ne4 8. cxd4 Bb4+ 9. Bd2 Nxd2 10. Nbxd2 0-0 11. 0-0 Ne7 12. a3 Ba5 13. Bd3 g6 14. Qc2 Nf5 15. b4 Bb6 16. Bxf5 Bxf5 17. Qc3 a5 18. Nb3 c6 19. h3 Kg7 20. Rfe1 h6 21. Nc5 Qe7 22. g4 Be6 23. Qe3 Ra7 24. Rab1 axb4 25. axb4 Rfa8 26. Rb3 Ra2 27. Rc1 Bxc5 28. bxc5 Rh8 29. Rcb1 Bc8 30. e6 Qxe6 31. Qxe6 fxe6 32. Rxb7+ Bxb7 33. Rxb7+ Kg8 34. Ne5 Rh7 35. Rb8+ Kg7 36. Re8 Kf6 37. Rf8+ Kg7 38. Rf7+ Kg8 39. Rf6 Re7 40. Rxg6+ Kh7 41. Rf6 Kg7 42. Rf3 Rc7 43. Kg2 Ra4 44. Rf4 Ra8 45. Kg3 Rf8 46. h4 Ra8 47. Rf3 Ra4 48. Rd3 Ra1 49. Kf4 Re1 50. Re3 Rh1 51. h5 Rd1 52. Rd3 Rf7+ 53. Kg3 Rxd3+ 54. Nxd3 Ra7 55. Ne5 Ra6 56. Kf4 Kf6 57. Nd7+ Ke7 58. Nb8 Ra3 59. Nxc6+ Kf6 60. Ne5 Rc3 61. c6 Ra3 62. c7 Rc3 63. Nd7+ Ke7 64. Nc5 1-0

[Event "Sardinia World op-A"]
[Site "Orosei"]
[Date "2025.04.29"]
[Round "4"]
[White "Dardha, Daniel"]
[Black "Kalosha, Zhiulien Oleksii"]
[Result "1-0"]
[WhiteElo "2650"]
[BlackElo "2315"]
[PlyCount "93"]
[EventDate "2025.04.27"]
[EventType "swiss"]
[EventRounds "9"]
[EventCountry "ITA"]
[SourceTitle "CB19_2025"]
[SourceDate "2025.05.07"]
[SourceVersion "1"]
[SourceVersionDate "2025.05.07"]
[SourceQuality "1"]

1. e4 e5 2. Nf3 Nc6 3. Bc4 Nf6 4. d3 Bc5 5. Nc3 h6 6. Be3 Bxe3 7. fxe3 d6 8. a3 0-0 9. Qe2 Be6 10. 0-0-0 d5 11. exd5 Nxd5 12. Bxd5 Bxd5 13. g4 Qd7 14. Rhg1 g6 15. Nh4 Ne7 16. e4 Be6 17. Rg3 f6 18. Nf5 Kh7 19. Rdg1 Rg8 20. Ne3 Raf8 21. Rf1 g5 22. h4 gxh4 23. Rgg1 Rg5 24. Qh2 Ng6 25. Kb1 Nf4 26. Qxh4 Rfg8 27. Rh1 R8g6 28. Qf2 b6 29. Qh4 c6 30. Qe1 Bxg4 31. Rh2 h5 32. Nxg4 Qxg4 33. Nd1 Qg3 34. Qd2 h4 35. Ne3 h3 36. Nf5 Qg2 37. Rxg2 hxg2 38. Rg1 Nh3 39. Rxg2 Rxg2 40. Qb4 c5 41. Qa4 Rg7 42. Nxg7 Rxg7 43. Qc6 Rf7 44. a4 Nf4 45. a5 bxa5 46. Qxc5 a4 47. Qc4 1-0

[Event "Sardinia World op-A"]
[Site "Orosei"]
[Date "2025.04.28"]
[Round "3"]
[White "Gagliardi, Christian"]
[Black "Dardha, Daniel"]
[Result "0-1"]
[WhiteElo "2165"]
[BlackElo "2650"]
[PlyCount "82"]
[EventDate "2025.04.27"]
[EventType "swiss"]
[EventRounds "9"]
[EventCountry "ITA"]
[SourceTitle "CB19_2025"]
[SourceDate "2025.05.07"]
[SourceVersion "1"]
[SourceVersionDate "2025.05.07"]
[SourceQuality "1"]

1. d4 Nf6 2. Bf4 b6 3. Nc3 Bb7 4. f3 a6 5. e4 e6 6. Qd2 d5 7. e5 Nfd7 8. Bg5 Be7 9. Bxe7 Qxe7 10. f4 c5 11. Nf3 Nc6 12. Bd3 0-0 13. 0-0 f5 14. exf6 Qxf6 15. Ne5 Ndxe5 16. dxe5 Qe7 17. Rf2 Nb4 18. a3 Nxd3 19. cxd3 d4 20. Ne2 h5 21. b4 h4 22. bxc5 bxc5 23. h3 Bd5 24. Rb1 Qe8 25. Qa5 Rc8 26. Qxa6 Kh7 27. Rbf1 Rc6 28. Qa5 Qg6 29. Qd2 Ra6 30. f5 Rxf5 31. Nf4 Qg5 32. Nxd5 Qxd2 33. Rxd2 Rxf1+ 34. Kxf1 exd5 35. Re2 Kg8 36. Rc2 Rc6 37. Kf2 Kf7 38. Kf3 Ke6 39. Kf4 Rc8 40. a4 c4 41. dxc4 g5+ 0-1

[Event "EU-ch 25th"]
[Site "Eforie Nord"]
[Date "2025.03.24"]
[Round "9"]
[White "Zanan, Evgeny"]
[Black "Dardha, Daniel"]
[Result "0-1"]
[WhiteElo "2443"]
[BlackElo "2665"]
[PlyCount "135"]
[EventDate "2025.03.15"]
[EventType "swiss"]
[EventRounds "11"]
[EventCountry "ROU"]
[SourceTitle "CB13_2025"]
[SourceDate "2025.03.26"]
[SourceVersion "1"]
[SourceVersionDate "2025.03.26"]
[SourceQuality "1"]

1. e4 d6 2. d4 Nf6 3. Nc3 e5 4. Nf3 Nbd7 5. Bc4 Be7 6. 0-0 0-0 7. Re1 c6 8. a4 h6 9. h3 Re8 10. Be3 a5 11. Qb1 exd4 12. Bxd4 Nf8 13. Qa2 Be6 14. e5 Bxc4 15. Qxc4 d5 16. Qd3 N6d7 17. Ne2 Ne6 18. c4 Bb4 19. Red1 Nxd4 20. Qxd4 Qe7 21. cxd5 Nxe5 22. Nxe5 Qxe5 23. Nc3 Qf5 24. dxc6 bxc6 25. Rd2 Re5 26. Qg4 Qxg4 27. hxg4 Rb8 28. Rc1 Be7 29. Rdc2 Rb4 30. f3 Bc5+ 31. Kf1 Bd4 32. Ne4 Bxb2 33. Rd1 Rd5 34. Ke2 Rxd1 35. Kxd1 Bd4 36. Rxc6 Rxa4 37. Rc8+ Kh7 38. Kc2 Be5 39. Re8 f6 40. g3 Ra2+ 41. Kd3 Ra3+ 42. Ke2 a4 43. Rd8 Ra2+ 44. Kd3 a3 45. Ra8 Ra1 46. f4 Bb2 47. Ke2 a2 48. Nd2 Bc3 49. Nf3 g5 50. fxg5 hxg5 51. Kf2 Kg7 52. Kg2 Kf7 53. Ra6 Ke7 54. Kf2 f5 55. Kg2 fxg4 56. Nxg5 Bd4 57. Kh2 Bg1+ 58. Kg2 Be3 59. Re6+ Kd7 60. Rxe3 Rd1 61. Ra3 a1Q 62. Rxa1 Rxa1 63. Kf2 Ra3 64. Ne4 Ke6 65. Kg2 Ke5 66. Nf2 Ra2 67. Kg1 Rxf2 68. Kxf2 0-1

[Event "EU-ch 25th"]
[Site "Eforie Nord"]
[Date "2025.03.20"]
[Round "6"]
[White "Dardha, Daniel"]
[Black "Magold, Filip"]
[Result "1-0"]
[WhiteElo "2665"]
[BlackElo "2435"]
[PlyCount "111"]
[EventDate "2025.03.15"]
[EventType "swiss"]
[EventRounds "11"]
[EventCountry "ROU"]
[SourceTitle "CB13_2025"]
[SourceDate "2025.03.26"]
[SourceVersion "1"]
[SourceVersionDate "2025.03.26"]
[SourceQuality "1"]

1. e4 e6 2. d4 d5 3. Nc3 Nf6 4. exd5 exd5 5. Bd3 Nc6 6. Nce2 Nb4 7. Nf3 Bd6 8. Bb5+ c6 9. Ba4 Bf5 10. 0-0 0-0 11. Ng3 Bg6 12. Bg5 h6 13. Bh4 Bh7 14. Nh5 Be7 15. Bxf6 Bxf6 16. c3 Na6 17. Bc2 Bxc2 18. Qxc2 g6 19. Nxf6+ Qxf6 20. Ne5 Rfe8 21. f4 Qf5 22. Qb3 Re7 23. g4 Qf6 24. Qc2 Nc7 25. Kh1 Nb5 26. g5 hxg5 27. f5 gxf5 28. Rxf5 Qg7 29. Rg1 f6 30. Ng4 Rf8 31. Nxf6+ Rxf6 32. Rfxg5 Nd6 33. Rxg7+ Rxg7 34. Qa4 a6 35. Qb4 Rfg6 36. Rxg6 Rxg6 37. h3 Kf7 38. Qb6 Ke6 39. Qd8 Rg7 40. Kh2 Nf5 41. Qh8 Kf7 42. a4 Kg6 43. Qe8+ Kg5 44. Kg2 Re7 45. Qg8+ Kf6 46. Kf2 Re4 47. Qb8 Re7 48. a5 Kg7 49. Kf3 Kf7 50. Qf4 Kf6 51. h4 Rf7 52. Qe5+ Kg6 53. Qe6+ Rf6 54. Qg8+ Ng7+ 55. Kg4 Kh6 56. h5 1-0

[Event "EU-ch 25th"]
[Site "Eforie Nord"]
[Date "2025.03.19"]
[Round "5"]
[White "Keinanen, Toivo"]
[Black "Dardha, Daniel"]
[Result "1-0"]
[WhiteElo "2535"]
[BlackElo "2665"]
[PlyCount "55"]
[EventDate "2025.03.15"]
[EventType "swiss"]
[EventRounds "11"]
[EventCountry "ROU"]
[SourceTitle "CB13_2025"]
[SourceDate "2025.03.26"]
[SourceVersion "1"]
[SourceVersionDate "2025.03.26"]
[SourceQuality "1"]

1. c4 e5 2. g3 c6 3. d4 e4 4. c5 b6 5. Nc3 bxc5 6. d5 f5 7. g4 Nf6 8. Bg5 cxd5 9. Bxf6 Qxf6 10. Qxd5 Nc6 11. Qxf5 Be7 12. 0-0-0 Rb8 13. Nh3 d5 14. Qxf6 Bxf6 15. Rxd5 Nb4 16. Rxc5 Bxg4 17. Ng5 e3 18. fxe3 Bxc3 19. bxc3 Nxa2+ 20. Kc2 0-0 21. Bg2 Rf2 22. Bd5+ Kf8 23. Rc7 Rxe2+ 24. Kd3 Rbb2 25. Rf1+ Ke8 26. Rff7 Nc1+ 27. Ke4 Rb6 28. Rfe7+ 1-0

[Event "EU-ch 25th"]
[Site "Eforie Nord"]
[Date "2025.03.18"]
[Round "4"]
[White "Dardha, Daniel"]
[Black "Ahmadzada, Ahmad Samir"]
[Result "1/2-1/2"]
[WhiteElo "2665"]
[BlackElo "2550"]
[PlyCount "61"]
[EventDate "2025.03.15"]
[EventType "swiss"]
[EventRounds "11"]
[EventCountry "ROU"]
[SourceTitle "CB13_2025"]
[SourceDate "2025.03.26"]
[SourceVersion "1"]
[SourceVersionDate "2025.03.26"]
[SourceQuality "1"]

1. e4 e5 2. Nf3 Nc6 3. Bc4 Bc5 4. c3 Nf6 5. d4 exd4 6. e5 d5 7. Bb5 Ne4 8. cxd4 Bb6 9. Nc3 0-0 10. Be3 Bg4 11. h3 Bh5 12. Rc1 f6 13. Nxd5 fxe5 14. Nxb6 axb6 15. dxe5 Qxd1+ 16. Rxd1 Rxf3 17. gxf3 Bxf3 18. Bxc6 bxc6 19. 0-0 Bxd1 20. Rxd1 Rxa2 21. Rd7 Nc5 22. Rxc7 Rxb2 23. Kg2 Rc2 24. Kf3 Rc4 25. Bxc5 Rxc5 26. Ke4 g6 27. e6 Kf8 28. Rf7+ Ke8 29. Rxh7 b5 30. Rb7 b4 31. Rxb4 1/2-1/2

[Event "EU-ch 25th"]
[Site "Eforie Nord"]
[Date "2025.03.16"]
[Round "2"]
[White "Dardha, Daniel"]
[Black "Ioannidis, Evgenios"]
[Result "1-0"]
[WhiteElo "2665"]
[BlackElo "2484"]
[PlyCount "69"]
[EventDate "2025.03.15"]
[EventType "swiss"]
[EventRounds "11"]
[EventCountry "ROU"]
[SourceTitle "CB13_2025"]
[SourceDate "2025.03.26"]
[SourceVersion "1"]
[SourceVersionDate "2025.03.26"]
[SourceQuality "1"]

1. e4 e5 2. Nf3 Nc6 3. Bc4 Nf6 4. d3 Be7 5. 0-0 0-0 6. Nc3 d6 7. a4 Nb4 8. Ne2 c5 9. c3 Nc6 10. Ng3 h6 11. Re1 Kh8 12. Bd2 Nh7 13. h3 a6 14. b4 cxb4 15. cxb4 Ng5 16. Bxg5 Bxg5 17. b5 Na5 18. bxa6 bxa6 19. Bd5 Bb7 20. Rb1 Bxd5 21. exd5 f5 22. Nxg5 Qxg5 23. Rb6 Qd8 24. Qb1 Rc8 25. Qb4 Rc5 26. Rxa6 Qc7 27. d4 exd4 28. Qxd4 Nb3 29. Qb2 Na5 30. Nh5 f4 31. Rxd6 Rc3 32. Rd7 Qxd7 33. Qxc3 Rf5 34. Nxg7 Qxg7 35. Qxa5 1-0

[Event "Wch U20 62nd"]
[Site "Petrovac"]
[Date "2025.03.06"]
[Round "10"]
[White "Wong, Zhenyong Jayden"]
[Black "Dardha, Daniel"]
[Result "1/2-1/2"]
[WhiteElo "2393"]
[BlackElo "2652"]
[PlyCount "45"]
[EventDate "2025.02.25"]
[EventType "swiss"]
[EventRounds "11"]
[EventCountry "MNE"]
[SourceTitle "CB11_2025"]
[SourceDate "2025.03.12"]
[SourceVersion "1"]
[SourceVersionDate "2025.03.12"]
[SourceQuality "1"]

1. d4 Nf6 2. c4 e6 3. Nf3 b6 4. g3 Bb7 5. Bg2 Be7 6. 0-0 0-0 7. d5 Na6 8. Nd4 exd5 9. Nf5 c6 10. cxd5 cxd5 11. Nc3 Nc7 12. Bf4 Ne6 13. Be5 Bc6 14. Rc1 d4 15. Nxd4 Bxg2 16. Kxg2 Ng4 17. Nf3 Bc5 18. Bd6 Re8 19. h3 Bxd6 20. Qxd6 Nf6 21. e4 Qb8 22. Qxb8 Rexb8 23. Rfd1 1/2-1/2

[Event "Wch U20 62nd"]
[Site "Petrovac"]
[Date "2025.02.26"]
[Round "2"]
[White "Gong, Sunle"]
[Black "Dardha, Daniel"]
[Result "1-0"]
[WhiteElo "2407"]
[BlackElo "2652"]
[PlyCount "107"]
[EventDate "2025.02.25"]
[EventType "swiss"]
[EventRounds "11"]
[EventCountry "MNE"]
[SourceTitle "CB11_2025"]
[SourceDate "2025.03.12"]
[SourceVersion "1"]
[SourceVersionDate "2025.03.12"]
[SourceQuality "1"]

1. d4 Nf6 2. c4 e6 3. Nc3 d5 4. Nf3 Nbd7 5. Bf4 Bb4 6. e3 Ne4 7. Qb3 c5 8. Rc1 Qa5 9. a3 Bxc3+ 10. bxc3 0-0 11. Bd3 cxd4 12. exd4 dxc4 13. Qxc4 Ndf6 14. Qb4 Qh5 15. c4 Qg4 16. Bg3 b6 17. Qe7 Ba6 18. 0-0 Nxg3 19. hxg3 Rfe8 20. Qc7 Rec8 21. Qe7 Re8 22. Qc7 Qh5 23. Rfe1 Rec8 24. Qf4 Qg4 25. Qd2 Bb7 26. Ne5 Qh5 27. f3 Qh6 28. Qxh6 gxh6 29. Kf2 Ba6 30. g4 Rd8 31. Ke3 Nd7 32. f4 Nf8 33. Rh1 f6 34. Nc6 Rd7 35. Rxh6 Bb7 36. Be4 Rc8 37. Nxa7 Ra8 38. Nb5 Bxe4 39. Kxe4 Kg7 40. Rh3 Ng6 41. Re3 Nh4 42. g3 Ng6 43. Kf3 Kf7 44. Rh1 Nf8 45. f5 exf5 46. gxf5 Ra4 47. Rc1 h5 48. c5 bxc5 49. dxc5 Rd2 50. Re4 Ra5 51. c6 Rxb5 52. c7 Rb3+ 53. Re3 Rbb2 54. c8Q 1-0